| 000 | 00383nam a2200145Ia 4500 | ||
|---|---|---|---|
| 008 | 230711s9999||||xx |||||||||||||| ||und|| | ||
| 041 | _aENG | ||
| 082 |
_a5 _bRA-M |
||
| 100 | _aRay Welland | ||
| 245 | 0 | _aMathematical programming in COBOL | |
| 250 | _a7th | ||
| 260 |
_c1983 _aNew Delhi _bEWP(Affiliated East-West Press Private Limited) |
||
| 650 | _aComputer Engineering | ||
| 942 | _cBK | ||
| 999 |
_c661 _d661 |
||